Microeconomic Decisions (Record no. 2202)

MARC details
000 -LEADER
fixed length control field 00447nam a2200157Ia 4500
008 - FIXED-LENGTH DATA ELEMENTS--GENERAL INFORMATION
fixed length control field 230312s9999||||xx |||||||||||||| ||und||
020 ## - INTERNATIONAL STANDARD BOOK NUMBER
International Standard Book Number 0-395-19855-0
082 ## - DEWEY DECIMAL CLASSIFICATION NUMBER
Classification number 338.5
Item number MEY-M
100 ## - MAIN ENTRY--PERSONAL NAME
Personal name Meyer
245 #0 - TITLE STATEMENT
Title Microeconomic Decisions
260 ## - PUBLICATION, DISTRIBUTION, ETC.
Name of publisher, distributor, etc. Houghton Mifflin Company
Place of publication, distribution, etc. London
Date of publication, distribution, etc. 1976
300 ## - PHYSICAL DESCRIPTION
Extent 389
546 ## - LANGUAGE NOTE
Language note Eng.
650 ## - SUBJECT ADDED ENTRY--TOPICAL TERM
Topical term or geographic name entry element Economics
Form subdivision Introduction , Individual Preferences and Consumption Choice Decision
942 ## - ADDED ENTRY ELEMENTS (KOHA)
Koha item type BOOK
Holdings
Withdrawn status Lost status Source of classification or shelving scheme Damaged status Not for loan Home library Current library Date acquired Total Checkouts Full call number Barcode Date last seen Price effective from Koha item type
    Dewey Decimal Classification     Superior Information Resource Center (SIRC) Superior University - City Campus Superior Information Resource Center (SIRC) Superior University - City Campus 03/13/2023   338.5 MEY-M 2213 03/13/2023 03/13/2023 BOOK

Powered by Koha